000 00934cam a22002054a 4500
005 20250605164116.0
008 250528s ||||||||||||||||||||||||d
035 _a18102
020 _a7394695
040 _aGR-AtMCL
_bgre
_dGR-AtMCL
_eAACR2
245 1 _aPsychology / Sixth Edition
250 _a6th
260 _bMc Graw Hill Higher Education,
_c2000
300 _a672
520 _aThis book provides faculty and students with the most complete, practical, and relevant introduction to Psychology available. What is Psychology, Psychology's Scientific Methods, Biological Foundations and Neuroscience, Sensation and Perception, States of Consciousness, Learning, Memory, Thinking and Language, Intelligence, Human Development, Motivation and Emotion, Personality, Abnormal Psychology, Therapies, Health Psychology, Social Psychology.
700 1 _aSantrock John W
_94374
942 _cBK
999 _c3486
_d3486